Vista normal
Vista MARC
Entrada Nombre personal
Número de registros utilizados en: 2
001 - NÚMERO DE CONTROL
- Campo de control: 41572
003 - IDENTIFICADOR DE NÚMERO DE CONTROL
- Campo de control: OSt
005 - FECHA Y HORA DE LA ULTIMA MODIFICACION
- Campo de control: 20170622110421.0
008 - ELEMENTOS DE DATOS DE LONGITUD FIJA
- Campo de longitud fija: 170622|| aca||aabn | a|a d
040 ## - FUENTE DE LA CATALOGACIÓN
- Agencia original de catalogación: OSt
100 1# - ENCABEZAMIENTO--NOMBRE DE PERSONA
- Nombre personal: Avilés Estrada, Claudia María
400 1# - TRAZADO VEÁSE--NOMBRE DE PERSONA
- Nombre personal: Avilés, María
400 1# - TRAZADO VEÁSE--NOMBRE DE PERSONA
- Nombre personal: Estrada, Claudia
670 ## - FUENTE DE DATOS ENCONTRADOS
- Fuente de citación: Investigación, Las presunciones tributarias como herramienta para incrementar la recaudación fiscal en El Salvador
670 ## - FUENTE DE DATOS ENCONTRADOS
- Fuente de citación: BMC-22-06-2017